Оборудование и основы проектирования систем охраны окружающей среды (Запись № 1787326)

Подробности
000 -МАРКЕР
контрольное поле 02195nam1a2200325 i 4500
001 - ИДЕНТИФИКАТОР ЗАПИСИ
контрольное поле RU\NLR\bibl\1807525
005 - ИДЕНТИФИКАТОР ВЕРСИИ
контрольное поле 20240921050708.0
035 ## - ДРУГИЕ СИСТЕМНЫЕ НОМЕРА
Идентификатор записи (NLR Aleph) 001798165
100 ## - ДАННЫЕ ОБЩЕЙ ОБРАБОТКИ
Данные общей обработки 20110907d2010 u y0rusy50 ca
101 0# - ЯЗЫК РЕСУРСА
Язык текста, звукозаписи и т.д. русский
102 ## - СТРАНА ПУБЛИКАЦИИ ИЛИ ПРОИЗВОДСТВА
Страна публикации российская федерация
105 ## - ПОЛЕ КОДИРОВАННЫХ ДАННЫХ: ТЕКСТОВЫЕ МАТЕРИАЛЫ, МОНОГРАФИЧЕСКИЕ
Кодированные данные о монографическом текстовом документе ||||z |||||
200 1# - ЗАГЛАВИЕ И СВЕДЕНИЯ ОБ ОТВЕТСТВЕННОСТИ
Основное заглавие Оборудование и основы проектирования систем охраны окружающей среды
Сведения, относящиеся к заглавию учебное пособие для студентов, обучающихся по направлению подготовки бакалавров 280200.62 "Защита окружающей среды" и по специальности 280201.65 "Охрана окружающей среды и рациональное использование природных ресурсов"
-- [в 2 ч.]
Первые сведения об ответственности В.Т. Новиков
Последующие сведения об ответственности М-во образования и науки Рос. Федерации, Гос. образоват. учреждение высш. проф. образования "Нац. исслед. Том. политехн. ун-т"
210 ## - ПУБЛИКАЦИЯ, РАСПРОСТРАНЕНИЕ И ДР.
Место издания, распространения и т.д. Томск
Имя издателя, распространителя и т. д. Изд-во Томского политехнического университета
Дата издания, распространения и т.д. 2010
215 ## - ФИЗИЧЕСКАЯ ХАРАКТЕРИСТИКА
Размеры 20
313 ## - ПРИМЕЧАНИЯ, ОТНОСЯЩИЕСЯ К ТЕМАТИЧЕСКОМУ ДОСТУПУ
Текст примечания очистка газ. выбросов
463 #0 - УРОВЕНЬ ФИЗИЧЕСКОЙ ЕДИНИЦЫ
Встроенное поле 0011804547
463 #0 - УРОВЕНЬ ФИЗИЧЕСКОЙ ЕДИНИЦЫ
Встроенное поле 0011804098
606 1# - НАИМЕНОВАНИЕ ТЕМЫ КАК ПРЕДМЕТ
Наименование темы Отходящие газы
Формальный подзаголовок Учебные издания для высших учебных заведений
Тематический подзаголовок Очистка
-- Аппараты и приборы
Системный номер авторитетной/нормативной записи 2177725
Идентификатор авторитетной/нормативной записи RU\NLR\auth\661309726
606 1# - НАИМЕНОВАНИЕ ТЕМЫ КАК ПРЕДМЕТ
Наименование темы Вентиляционное оборудование
Формальный подзаголовок Учебные издания для высших учебных заведений
Системный номер авторитетной/нормативной записи 1224591
Идентификатор авторитетной/нормативной записи RU\NLR\auth\66180452
606 1# - НАИМЕНОВАНИЕ ТЕМЫ КАК ПРЕДМЕТ
Наименование темы Вентиляционные системы
Формальный подзаголовок Учебные издания для высших учебных заведений
Системный номер авторитетной/нормативной записи 2205138
Идентификатор авторитетной/нормативной записи RU\NLR\auth\661324900
686 ## - ИНДЕКСЫ ДРУГИХ КЛАССИФИКАЦИЙ
Индекс Н932я73-1
686 ## - ИНДЕКСЫ ДРУГИХ КЛАССИФИКАЦИЙ
Индекс Н762.2я73-1
700 #1 - ИМЯ ЛИЦА - ПЕРВИЧНАЯ ОТВЕТСТВЕННОСТЬ
Начальный элемент ввода Новиков
Часть имени, кроме начального элемента ввода В. Т.
Расширение инициалов личного имени Виктор Тимофеевич
Код отношения Автор
801 #0 - ИСТОЧНИК ЗАПИСИ
Страна российская федерация
Организация NLR
Дата составления 20110907
Правила каталогизации RCR
801 #1 - ИСТОЧНИК ЗАПИСИ
Страна российская федерация
Организация NLR
Дата составления 20110907
852 ## - МЕСТОНАХОЖДЕНИЕ И ШИФР ХРАНЕНИЯ
Идентификатор организации NLR
Шифр хранения (Call Number) 2011-3/26610
942 ## - ДОПОЛНИТЕЛЬНЫЕ ЭЛЕМЕНТЫ ЗАПИСИ (АБИС)
Тип экземпляра АБИС Книга

Нет доступных экземпляров.